| 000 | 00730nam a22002297a 4500 | ||
|---|---|---|---|
| 003 | OSt | ||
| 005 | 20250324082337.0 | ||
| 008 | 250324b |||||||| |||| 00| 0 eng d | ||
| 020 | _a9781032964232 | ||
| 040 | _cAIMIT LIBRARY | ||
| 082 |
_22 _a006.3 _bDUDE |
||
| 100 |
_aLi, Deyi. _9206716 |
||
| 245 |
_aArtificial intelligence with uncertainty / _cBy Deyi Li and Yi Du. |
||
| 250 | _a2nd ed. | ||
| 260 |
_aNew York : _bCRC Press ; _c2025. |
||
| 300 |
_axx,290p. ; _bPB _c22 cm. |
||
| 650 |
_aGaussian cloud transformation _9206717 |
||
| 650 |
_aData fields and topological potential _9206718 |
||
| 650 |
_aCognitive physics for swarm intelligence _9206719 |
||
| 700 |
_aDu, Yi. _9206720 |
||
| 942 |
_2ddc _cBK _e2nd ed. _k006.3 DUDE |
||
| 999 |
_c233976 _d233976 |
||